000
00322nam a22001337a 4500
008
180918b xxu||||| |||| 00| 0 eng d
020
_a
9780966361070
041
_a
eng
080
_a
616.8
100
_a
8
101
_a
KAN
245
_a
Bea Survivor Colorectal Cancer Treatment Guide
_c
Lange.V
942
_2
udc
_c
BK
999
_c
47942
_d
47942